Statistiques concernant Gares de la Savoie

Cliquez ici pour prendre le quiz!

Statistiques générales

  • Ce quiz a été pris 196 fois
  • Le résultat moyen est 15 sur 27

Statistiques - réponses

Nombre de voyageursGares% Correct
3 447 007Chambéry - Challes les Eaux
96%
1 287 574Aix les Bains le Revard
93%
290 751Albertville
87%
205 051Modane
87%
344 666Bourg Saint Maurice
82%
282 650Saint Jean de Maurienne Arvan
79%
107 951Saint Pierre d'Albigny
77%
457 599Montmélian
75%
265 095Moutiers - Salins - Brides les Bains
75%
89 374Saint Michel - Valloire
66%
104 267Aime - La Plagne
57%
76 441Aiguebelle
54%
67 349Saint Avre - La Chambre
54%
60 119Grésy sur Aix
51%
13 601Grésy sur Isère
44%
84 275Albens
43%
24 340Frontenex
43%
35 932Landry
43%
55 118Lépin le Lac - La Bauche
42%
29 200Epierre - Saint Léger
38%
5 679Viviers du Lac
36%
4 143Notre dame de Briançon
35%
27 915Chamousset
34%
20 149Chindrieux
34%
6 363Vion - Chanaz
31%
17 138Saint Béron - La Bridoire
30%
2 535Aiguebelette le Lac
28%

Distribution des résultats

Percentile par nombre de réponses

% des personnes avec chaque résultat

Votre développement - résultats

Vous n’avez pas pris ce quiz